000 00574ntaaa2200181 4500
003 01
005 20251027201556.0
008 0714s1973 ag 01
040 _aAR-BaBN
_bspa
_cAR-BaBN
_eaacr
_dRIC
082 _a230.0000 H18
100 _aHammar, George
_914393
245 _aChristian Realism in Contemporary American Theology; a study of Reinhold Niebuhr, W. M. Horton and H. P. Van Dusen.
250 _a1 ed.
260 _aSweden :
_bA. B. Lundequistska Bokhandeln,
_c1940
300 _ax, 365 p.
650 _aTeología Contemporánea en América
_914394
942 _cBK
999 _c10356
_d10356